| 000 -ლიდერი |
| ფიქსირებული სიგრძის საკონტროლო ველი |
01176nam a22002057a 4500 |
| 003 - საკონტროლო ნომრის იდენტიფიკატორი |
| საკონტროლო ველი |
Ge_BSU |
| 005 - ბოლო ოპერაციის თარიღი და დრო |
| საკონტროლო ველი |
20250602103512.0 |
| 008 - ფიქსირებული სიგრძის მონაცემთა ელემენტები - ზოგადი ინფორმაცია |
| ფიქსირებული სიგრძის საკონტროლო ველი |
250602s2025 ge ||||| |||| 00| 0 geo d |
| 020 ## - წიგნის საერთაშორისო სტანდარტული ნომერი |
| International Standard Book Number |
9789941874321 |
| 041 ## - ენის კოდი |
| Language code of text/sound track or separate title |
geo |
| 080 ## - უნივერსალური ათობითი კლასიფიკაციის ინდექსი |
| Universal Decimal Classification number |
17.022.1 პ-35 |
| 100 ## - მთავარი ჩანაწერი - პიროვნების სახელი |
| Personal name |
პიკო დელა მირანდოლა, ჯოვანი |
| 9 (RLIN) |
25200 |
| 245 ## - ცნობა სათაურის შესახებ |
| Title |
სიტყვა ადამიანის ღირსების შესახებ = Oration on the Dignity of Man / |
| Statement of responsibility, etc |
ჯოვანი პიკო დელა მირანდოლა; მთარგმნელი ზურაბ სონღულაშვილი; რედაქტორი ლექსო დორეული. |
| 264 ## - წარმოების, გამოცემის, დისტრიბუციის და სხვა ცნობები |
| გამოცემის, წარმოების, დისტრიბუციის... ადგილი |
თბილისი : |
| გამოცემის, წარმოების, დისტრიბუციის... სახელწოდება |
აქტი, |
| გამოცემის, წარმოების, დისტრიბუციის... თარიღი |
2025. |
| 300 ## - ფიზიკური აღწერა |
| Extent |
82 გვ. ; |
| Other physical details |
16 სმ. |
| 653 ## - INDEX TERM--UNCONTROLLED |
| Uncontrolled term |
ადამიანის ღირსება |
| 700 ## - ADDED ENTRY--PERSONAL NAME |
| Personal name |
სონღულაშვილი, ზურაბ |
| Relator term |
მთარგმნელი |
| 9 (RLIN) |
25201 |
| 700 ## - ADDED ENTRY--PERSONAL NAME |
| Personal name |
დორეული, ლექსო |
| Relator term |
რედაქტორი, წინასიტყვაობის ავტორი |
| 9 (RLIN) |
4151 |
| 942 ## - ADDED ENTRY ELEMENTS (KOHA) |
| Source of classification or shelving scheme |
|
| Koha item type |
წიგნი |